07168cam a2200925Ia 4500001001300000003000600013005001700019006001900036007001500055008004100070040011500111019002500226020003600251020003300287020003600320020003300356020003600389020003300425020001800458020001500476020001800491020001500509029002200524029002200546029002100568029002100589029001800610029001800628029002300646035005700669037008400726050002100810072002500831072002500856082001600881049000900897245016700906246010401073246007601177250001201253260004401265300002201309336002601331337002601357338003601383505326901419500002004688588002604708504005104734520056804785650003605353650001905389650003105408650002705439650002805466650002705494650003505521650003205556650002105588650002705609650002105636650002705657650003205684650003505716650002805751650003605779650004605815650006205861650005705923650004505980655002206025700002006047700002006067700001806087776003406105856006606139994001206205999001706217526000806234ocn825550689OCoLC20230823104034.0m o d cr cnu|||unuuu130128s2013 enk ob 001 0 eng d aDG1bengepncDG1dYDXCPdE7BdN$TdGWMdNOCdOCLCOdCOOdOCLCFdUKDOCdEBLCPdMHWdDEBSZdOCLCQdTEFODdOCLCQ a827207479a900561591 a9781118425879q(electronic bk.) a1118425871q(electronic bk.) a9781118425831q(electronic bk.) a1118425839q(electronic bk.) a9781118425862q(electronic bk.) a1118425863q(electronic bk.) z9781299158573 z1299158579 z9781444333251 z14443332591 aAU@b0000505603321 aAU@b0000525556861 aDEBSZb4313341101 aNLGGCb3571675031 aNZ1b153403841 aNZ1b160621911 aDEBBGbBV043395323 a(OCoLC)825550689z(OCoLC)827207479z(OCoLC)900561591 aDE72FD98-41D1-4E53-A900-C6FB8D07D056bOverDrive, Inc.nhttp://www.overdrive.com 4aRA761b.R87 2013 7aMEDx0280002bisacsh 7aMEDx0370002bisacsh04a614.4/8223 aMAIN00aRussell, Hugo & Ayliffe's principles and practice of disinfection, preservation and sterilization /cedited by Adam P. Fraise, Jean-Yves Maillard, Syed A. Sattar.3 aRussell, Hugo and Ayliffe's principles and practice of disinfection, preservation and sterilization3 aPrinciples and practice of disinfection, preservation and sterilization a5th ed. aChichester :bWiley-Blackwell,c©2013. a1 online resource atextbtxt2rdacontent acomputerbc2rdamedia aonline resourcebcr2rdacarrier00gSection 1.tPrinciples. Historical Introduction /rAdam P. Fraise --tTypes of Microbicidal and Microbistatic Agents /rIbrahim Al-Adham, Randa Haddadin, Phillip Collier --tFactors Affecting the Activities of Microbicides /rJean-Yves Maillard --tBiofilm Recalcitrance : Theories and Mechanisms /rAndrew J. McBain, Najib Sufya, Alexander H. Rickard --tMechanisms of Action of Microbicides /rPeter A. Lambert --tMechanisms of Bacterial Resistance to Microbicides /rJean-Yves Maillard --tResistance of Bacterial Spores to Chemical Agents /rPeter Setlow --tTesting of Chemicals as Mycobactericidal Agents /rSyed A. Sattar --tFungicidal Activity of Microbicides /rSara Fernandes, Marta Simoes, Nicolina Dias, Cledir Santos, Nelson Lima --tSensitivity and Resistance of Protozoa to Microbicides /rVincent Thomas --tVirucidal Activity of Microbicides /rJean-Yves Maillard, Syed A. Sattar, Federica Pinto --tTransmissible Spongiform Encephalopathies and Decontamination /rGerald McDonnell --tMicrobicides : The Double-Edged Sword : Environmental Toxicity and Emerging Resistance /rJean-Marie Pages, Jean-Yves Maillard, Anne Davin-Regli, Susan Springthorpe --gSection 2.tPractice. Evaluation of Antimicrobial Efficacy /rLawrence Staniforth --tAssessing the Efficacy of Professional Healthcare Antiseptics : A Regulatory Perspective /rAlbert T. Sheldon --tLegislation Affecting Disinfectant Products in Europe : The Biocidal Products Directive and the Registration, Evaluation and Authorization of Chemicals Regulations /rJennifer A. Hopkins --tRegulatory Authorization of Hard Surface Disinfectants in Canada /rAndre G. Craan, Ian A. Chisholm, Shannon C. Wright --tUnited States Regulation of Antimicrobial Pesticides /rSally Hayes --tHeat Sterilization /rCharles O. Hancock --tRadiation Sterilization /rPeter A. Lambert --tGaseous Sterilization /rJean-Yves Dusseau, Patrick Duroselle, Jean Freney --tGas Plasma Sterilization /rGerald McDonnell --tFiltration Sterilization /rSusannah E. Walsh, Stephen P. Denyer --tNew and Emerging Technologies /rPeter A. Burke, Gerald McDonnell --tPreservation of Medicines and Cosmetics /rSarah J. Hiom --tSterility Assurance : Concepts, Methods and Problems /rRichard Bancroft --tHand Hygiene /rBenedetta Allegranzi, Didier Pittet --tDecontamination of the Environment and Medical Equipment in Hospitals /rAdam P. Fraise --tDecontamination of Endoscopes /rMichelle J. Alfa, Christina Bradley --tIssues Associated with the Decontamination of Laundry and Clinical Waste /rPeter Hoffman --tTreated Recreational Water Venues /rDarla M. Goeres, Philippe Hartemann, John V. Dadswell --tAntimicrobial Surfaces /rGareth J. Williams --tAntimicrobial Devices /rBrendan F. Gilmore, Sean P. Gorman --tAntimicrobial Dressings /rValerie Edwards-Jones --tAntimicrobial Textiles and Testing Techniques /rRobert A. Monticello, Peter D. Askew --tUse of Microbicides in Disinfection of Contact Lenses /rPatrick J. McCormick, Susan E. Norton, James J. Kaiser --tSpecial Issues in Dentistry /rJonathan L.S. Caplin --tNatural Products /rRose Cooper --tApplications of Bacteriophage Technology /rGeoffrey W. Hanlon --tControl of Infectious Bioagents /rLes Baillie, Steven Theriault. aIncludes index.0 aPrint version record. aIncludes bibliographical references and index. aThe new edition of this established and highly respected text is THE definitive reference in its field. It details methods for the elimination or prevention/control of microbial growth, and features: New chapters on bioterrorism and community healthcareNew chapters on microbicide regulations in the EU, USA and CanadaLatest material on microbial resistance to microbicidesUpdated material on new and emerging technologies, focusing on special problems in hospitals, dentistry and pharmaceutical practicePractical advice on problems of disinfection and antisepti. 0aDisinfection and disinfectants. 0aSterilization. 0aPreservation of materials.12aDisinfectionxmethods.12aSterilizationxmethods.22aAnti-Infective Agents.22aPreservatives, Pharmaceutical.22aDrug Resistance, Microbial.22aDecontamination. 4aAnti-Infective Agents. 4aDecontamination. 4aDisinfectionxmethods. 4aDrug Resistance, Microbial. 4aPreservatives, Pharmaceutical. 4aSterilizationxmethods. 7aMEDICALxEpidemiology.2bisacsh 7aMEDICALxHealth Risk Assessment.2bisacsh 7aDisinfection and disinfectants.2fast0(OCoLC)fst00895234 7aPreservation of materials.2fast0(OCoLC)fst01075689 7aSterilization.2fast0(OCoLC)fst01133200 4aElectronic books.1 aFraise, Adam P.1 aMaillard, J.-Y.1 aSattar, Syed.08iPrint version:z978144433325140uhttp://dx.doi.org/10.1002/9781118425831zWiley Online Library a92bDG1 c20049d20008 benv